000 00439nam a2200181Ia 4500
003 GCL
008 140319s9999 xx 000 0 eng d
040 _aGCL /
_cGCL
082 0 4 _a939.43
_bS P
100 1 _aSTARCKEY, J
245 1 0 _aPALMYRE /
_cSTARCKEY, J
260 _a[S.N] :
_bLIBRAIRE DU LIBAN ،
_c1985
300 _a159 P
650 0 4 _aHISTORY
650 0 4 _aSYRIA - ANTIQUITIES
650 0 4 _aSYRIA - DESERT
942 _2ddc
_cBK
999 _c16364
_d16364